• 首页
  • 本馆介绍
  • 公告通知
  • 最新文献
  • 馆藏检索
  • 电子资源
  • 读者导购
  • 参考咨询
  • 我的图书馆
  • 登录
  • 详细信息显示
  • 放入我的书架
  • 预约/预借图书
  • 作者相关作品
  • 分类相关作品
  • 丛书相关作品
  • 出版社相关作品

书目信息

  • 表格格式
  • 工作单格式
  • 卡片格式
题名:
形式逻辑基础知识
    
 
作者: 吴家国 主编
分册:  
出版信息: 北京   北京师范大学出版社  1985.12
页数: 229页
开本: 21cm
丛书名:
单 册:
中图分类: B81
科图分类:
主题词: 逻辑
电子资源:
ISBN:
000 00756nam0 2200229 45
001 0181024623
005 20070924084428.62
010    @dCNY1.50
091    @a7243.343
100    @a20810111d km y0chiy0120 ea
101 0  @achi
105    @ay z 000yy
200 1  @a形式逻辑基础知识@AXING SHI LUO JI JI CHU ZHI SHI@e供政教专业专科,函授试用@EGong Zheng Jiao Zhuan Ye Zhuan Ke,Han Shou Shi Yong@f吴家国主编@FWU JIA GUO ZHU BIAN
210    @a北京@c北京师范大学出版社@d1985.12
215    @a229页@d21cm
300    @a中学教师进修高等师范教材
517    @a供政教专业专科,函授试用@AGong Zheng Jiao Zhuan Ye Zhuan Ke,Han Shou Shi Yong
606 0  @a逻辑
690    @aB81@v3
701 0  @a吴家国@4主编
801    @aCN@bTSTC@c20070924
905    @dB81@e118
    
    形式逻辑基础知识:供政教专业专科,函授试用/吴家国主编.-北京:北京师范大学出版社,1985.12
    229页;21cm
    中学教师进修高等师范教材
    
    ISBN :CNY1.50
    
●
相关链接 在E读中查询图书 在五车中查询图书 在当当中查询图书 在豆瓣中查询图书


正题名:形式逻辑基础知识     索取号:B81/118         预约/预借

序号 登录号 条形码 馆藏地/架位号 状态 备注
1 0624687   206246873   密集书库/ [索取号:B81/118] 在馆    
唐山师范学院图书馆 欢迎您!
大连网信软件有限公司© 版权所有